Las características de la ciudadania en Centroamérica durante el siglo XIX Estudio de los distritos electorales de Quezaltenango y Granada. /

שמור ב:
מידע ביבליוגרפי
מחבר ראשי: Avendaño Rojas, Xiomara
פורמט: Texto
נושאים:
תגים: הוספת תג
אין תגיות, היה/י הראשונ/ה לתייג את הרשומה!

MARC

LEADER 00000 a a2200000 04500
001 46239
003
040
090 |a REV1052 (5-6) 1995  
100 |a Avendaño Rojas, Xiomara  
245 |a Las características de la ciudadania en Centroamérica durante el siglo XIX   |b Estudio de los distritos electorales de Quezaltenango y Granada. /  |c Xiomara Avendaño Rojas  
650 |a NACIONALIDAD  
650 |a SISTEMAS ELECTORALES  
650 |a ELECCIONES  
650 |a HISTORIA  
773 |g número5 (1995), Páginas 20-29.  
999 |c 24860  |d 24860